| 000 | 00471nam a2200205Ia 4500 | ||
|---|---|---|---|
| 003 | LK-CoDNM | ||
| 008 | 010623t1970 xxu||||| |||| 00| 1 eng d | ||
| 040 |
_aLK-CoDNM _dLK-CoDNM _eLK-CoDNM |
||
| 041 | _aeng | ||
| 080 | _aC 45 | ||
| 245 | _aCeylon Observer Pictorial,1970 | ||
| 260 |
_bLake House _aColombo _c1970 |
||
| 300 | _b?,ill,pl., 30 cm | ||
| 650 | _aArt | ||
| 650 | _aFlowers | ||
| 650 | _aGames | ||
| 650 | _aNegambo | ||
| 650 | _aSpices | ||
| 942 | _cBK | ||
| 999 |
_c108074 _d108074 |
||